| 000 | 00684cam a2200217 4500 | ||
|---|---|---|---|
| 001 | WB3606-28 | ||
| 008 | 000000n2000 000 0 eng u | ||
| 035 | _a(Sirsi) u104098 | ||
| 245 | _aCIC to launch performance indicators | ||
| 260 | _c2000 | ||
| 490 |
_aBuilding _v265(8122) 4 February 2000, 14(1) |
||
| 520 | _aThe Construction Industry Council has set up a working group to draw up a series of key performance indicators for design. | ||
| 590 | _aWB | ||
| 650 | _aCONSTRUCTION INDUSTRY COUNCIL | ||
| 650 | _aKEY PERFORMANCE INDICATORS | ||
| 650 | _aDESIGN TEAM | ||
| 650 | _aPROJECT DESIGN | ||
| 650 | _aWORKING GROUPS | ||
| 690 | _aQUALITY ASSURANCE | ||
| 942 | _n0 | ||
| 999 |
_c62473 _d62473 |
||